000 005190000a22001810004500
003 LK-CoMWRAF
005 20231030101008.0
008 230817t ||||| |||| 00| 0 eng d
040 _aLK-CoMWRAF
_dLK-CoMWRAF
_eLK-CoMWRAF
041 _aeng
082 _a823
_bSEN
100 _aSeneviratne, Maureen
245 _aLeaves from the as'vattha :
_bA collection of short stories
260 _aSri Lanka :
_bWomen's education and research centre (WERC),
_c1991
300 _a138p
650 _aEnglish Fiction
942 _cBK
999 _c1146
_d1146